000 00808nam a2200253Ia 4500
003 OSt
005 20220928130546.0
006 a|||||r|||| 00| 0
007 ta
008 220927b |||||||| |||| 00| 0 eng d
020 _cEURO 64.99
024 _a134566
037 _b60, 01/03/2017, Better Book Service
_cTextual
040 _aSDCL
_cSDCL
_beng
041 _2eng
_aeng
082 _aX81:8, Q6
100 _aShefrin Hersh
_9474577
245 0 _aBehavioural risk management
_b Managing the Psychology that drives decisions and influences operational risk
260 _aHoundmills
_bPalgrave
_c2016
300 _axxi,518p.
_ccm.
650 _aApplied Psychology
942 _hX81:8, Q6
_cTEXL
_2CC
999 _c787138
_d787138